Normal view
MARC view
- Lichtenstein, Ellen
Entry Personal Name
001 - CONTROL NUMBER
- control field: 133807
003 - CONTROL NUMBER IDENTIFIER
- control field: NUST
005 - DATE AND TIME OF LATEST TRANSACTION
- control field: 20260401141643.0
008 - FIXED-LENGTH DATA ELEMENTS
- fixed length control field: 260401|| aca||aabn | a|a d
040 ## - CATALOGING SOURCE
- Original cataloging agency: NUST
- Transcribing agency: NUST
100 ## - HEADING--PERSONAL NAME
- Personal name: Lichtenstein, Ellen
670 ## - SOURCE DATA FOUND
- Source citation: Work cat.: (NUST): Lichtenstein, Ellen., 21st Century Robert's Rules of Order (21st Century Reference) /, 1995.
